000 00322 a2200157 4500
001 177767
020 _a
040 _cMagnum
100 _aBarro, João de
240 1 0 _aO pequeno polegar
_lpor
245 1 0 _aO pequeno polegar
362 0 _a1899
440 1 _aModerna
697 _aMAGNITO: IJ/FABULAS
942 _cBK
999 _c177767
_d177767